000 00295nam a2200133Ia 4500
100 _aYehnanarayana
942 _cBK
654 _aartificial
245 _aArtificial Neural Networks
260 _bPrentice Hall
_aNew Delhi
_c2003
082 _a4.65
_bYEH
300 _a461
546 _aENGLISH
999 _c30147
_d30147